| 000 | 00000nam##2200000za#4500 |
| 001 | 9.695538 |
| 003 | CaOODSP |
| 005 | 20210624234625 |
| 007 | cr ||||||||||| |
| 008 | 150407|1999||||xxc|||||o f|0| 0 eng|d |
| 040 | |aCaOODSP|beng |
| 043 | |an-cn--- |
| 086 | 1 |aH114-7/2001E-PDF |
| 110 | 1 |aCanada. |bPest Management Regulatory Agency. |
| 245 | 10|aCooperator information from the Pest Management Regulatory Agency on posting of research areas |h[electronic resource] |
| 260 | |bHealth Canada. |c1999. |
| 300 | |a2p.|bfig., photographs |
| 590 | |a12-08-Supp|b2012-03-16 |
| 690 | 07|aPesticides|2gcpds |
| 775 | 08|tAffichage aux aires de recherche : |w(CaOODSP)9.639669 |
| 776 | 0#|tCooperator information from the Pest Management Regulatory Agency on posting of research areas : |w(CaOODSP)9.663197 |
| 776 | 0#|tAffichage aux aires de recherche : |w(CaOODSP)9.663198 |
| 856 | 40|ahttp://publications.gc.ca|qPDF|s95 KB|uhttps://publications.gc.ca/collections/Collection/H114-7-2001E.pdf |